| 000 | 00486nam a22001337a 4500 | ||
|---|---|---|---|
| 005 | 20241221090526.0 | ||
| 008 | 241002b |||||||| |||| 00| 0 eng d | ||
| 100 |
_aObierna, Juan C. _eauthor. _961974 |
||
| 245 |
_aUnderstanding research design and terminologies / _cJuan C. Obierna. |
||
| 260 |
_aPhilippines; _bPublishers Association of the Philippines, Inc., _cDecember 2018. |
||
| 300 | _aVolume 66, pages 246-247. | ||
| 700 |
_aObierna, Juan C. _eauthor. _961975 |
||
| 942 |
_2ddc _cPER |
||
| 999 |
_c22091 _d22091 |
||